| 000 | 00481 a2200169 4500 | ||
|---|---|---|---|
| 003 | OSt | ||
| 005 | 20231215144130.0 | ||
| 008 | 231215b |||||||| |||| 00| 0 eng d | ||
| 020 | _a9789350729410 | ||
| 040 | _coclc | ||
| 082 |
_a891.4337 _bPUS/V |
||
| 100 | 1 |
_aPushpā, Maitreyī _910134 |
|
| 245 |
_aVISION / _cMaitreyī Pushpā, |
||
| 260 |
_aNew Delhi: _bVani Prakashan, _c2020 |
||
| 300 | _a212p | ||
| 942 |
_2ddc _cBK _h891.4337 _iPUS/V _k891.4337 _mPUS/V |
||
| 999 |
_c43424 _d43424 |
||